| 000 | 00498cam a22001337a 4500 | ||
|---|---|---|---|
| 008 | 180718b1970 xxu||||| |||| 00| 0 eng d | ||
| 082 | _aZ2x54 N213 | ||
| 245 |
_aProjections of demand and supply of agricultural commodities _cby National Council of Applied Economic Research |
||
| 260 |
_aNew Delhi _bNational Council of Applied Economic Research _c1970 |
||
| 300 | _a92p. | ||
| 650 | _aFarm produce --India | ||
| 650 | _aFood supply --India | ||
| 700 | _aNational Council of Applied Economic Research | ||
| 999 |
_c375377 _d375377 |
||